书目信息 |
| 题名: |
建筑设备概论
|
|
| 作者: | 王思文 , 侯静 主编 ;穆小丽 编写 | |
| 分册: | 水暖空调部分 | |
| 出版信息: | 北京 中国电力出版社 2020.06 |
|
| 页数: | 210页 | |
| 开本: | 26cm | |
| 丛书名: | “十三五”职业教育规划教材 | |
| 单 册: | ||
| 中图分类: | TU83 | |
| 科图分类: | ||
| 主题词: | 房屋建筑设备--fang wu jian zhu she bei--采暖设备--职业教育--教材 , 房屋建筑设备--fang wu jian zhu she bei--空气调节设备--职业教育--教材 | |
| 电子资源: | ||
| ISBN: | 978-7-5198-3312-1 | |
| 000 | 01264nam 2200313 450 | |
| 001 | 202021191863 | |
| 005 | 20211025120130.0 | |
| 010 | @a978-7-5198-3312-1@dCNY42.00 | |
| 100 | @a20210919d2020 em y0chiy50 ea | |
| 101 | 0 | @achi |
| 102 | @aCN@b110000 | |
| 105 | @aa a 000yy | |
| 106 | @ar | |
| 200 | 1 | @a建筑设备概论@Ajian zhu she bei gai lun@i水暖空调部分@f主编王思文, 侯静@g编写穆小丽 ... [等] |
| 210 | @a北京@c中国电力出版社@d2020.06 | |
| 215 | @a210页@c图@d26cm | |
| 225 | 2 | @a“十三五”职业教育规划教材@A“ shi san wu ” zhi ye jiao yu gui hua jiao cai |
| 320 | @a有书目 (第210页) | |
| 330 | @a本书共分六章, 主要介绍建筑设备工程 (水暖空调部分) 中各系统的分类、组成及特点, 常用材料和设备的类型、规格, 主要的安装工艺, 新版规范的解读及建筑设备施工图的识读等基本知识。 | |
| 410 | 0 | @12001 @a“十三五”职业教育规划教材 |
| 517 | 1 | @a水暖空调部分@Ashui nuan kong tiao bu fen |
| 606 | 0 | @a房屋建筑设备@Afang wu jian zhu she bei@x采暖设备@x职业教育@j教材 |
| 606 | 0 | @a房屋建筑设备@Afang wu jian zhu she bei@x空气调节设备@x职业教育@j教材 |
| 690 | @aTU83@v5 | |
| 701 | 0 | @a王思文@Awang si wen@4主编 |
| 701 | 0 | @a侯静@Ahou jing@4主编 |
| 702 | 0 | @a穆小丽@Amu xiao li@4编写 |
| 801 | 0 | @aCN@c20210909 |
| 905 | @a河南城建学院图书馆@dTU83@eW357 | |
| 建筑设备概论.水暖空调部分/主编王思文, 侯静/编写穆小丽 ... [等].-北京:中国电力出版社,2020.06 |
| 210页:图;26cm.-(“十三五”职业教育规划教材) |
| ISBN 978-7-5198-3312-1:CNY42.00 |
| 本书共分六章, 主要介绍建筑设备工程 (水暖空调部分) 中各系统的分类、组成及特点, 常用材料和设备的类型、规格, 主要的安装工艺, 新版规范的解读及建筑设备施工图的识读等基本知识。 |
| ● |
| 相关链接 |
|
|
|
正题名:建筑设备概论
索取号:TU83/W357
 
预约/预借
| 序号 | 登录号 | 条形码 | 馆藏地/架位号 | 状态 | 备注 |
| 1 | 1540773 | 215407735 | 建筑库201/201建筑库 51排3列2层/ [索取号:TU83/W357] | 在馆 | |
| 2 | 1540774 | 215407744 | 建筑库201/201建筑库 51排3列2层/ [索取号:TU83/W357] | 在馆 |